Statistiques concernant Capital

Cliquez ici pour prendre le quiz!

Statistiques générales

  • Ce quiz a été pris 58 fois
  • Le résultat moyen est 9 sur 15

Statistiques - réponses

PAYS CAPITAL % Correct
NorvegeOslo
92%
AustralieCanberra
91%
RussieMoscou
89%
ArgentineBuenos Aires
89%
République TchéquePrague
85%
PologneVarsovie
85%
IndonesieJakarta
77%
LettonieRiga
77%
GhanaAccra
53%
NicaraguaManagua
42%
Sainte-LucieCastries
40%
NigeriaAbuja
36%
TongaNuku'Alofa
19%
SalomonHoniara
13%
GuyanaGeorgtown
8%

Distribution des résultats

Percentile par nombre de réponses

% des personnes avec chaque résultat

Votre développement - résultats

Vous n’avez pas pris ce quiz